| 000 | 01130nam a22003377a 4500 | ||
|---|---|---|---|
| 001 | 000022761 | ||
| 003 | CHAP | ||
| 005 | 20220817041707.0 | ||
| 008 | 971013s1976 r 00010 d | ||
| 010 | _a21716 | ||
| 011 | _a22688 | ||
| 035 | _a26783 | ||
| 040 | _cCHAP | ||
| 090 | _aFolleto 3718 | ||
| 110 | 2 |
_aAsociación de Bibliotecarios de Instituciones de Enseñanza Superior y de Investigación. México _97993 |
|
| 245 | 1 | 0 | _aPrograma de difusión, 1976. |
| 260 |
_aMéxico, D.F. : _bAsociación de Bibliotecarios de Instituciones de Enseñanza Superior y de Investigación. México, _c1976. |
||
| 300 | _apág. varía. | ||
| 490 | 1 |
_aArchivo de ABIESI _v; 1 |
|
| 590 |
_aBATCH-UPD _b10 _c20130110 _lUCH01 _h0311 |
||
| 590 |
_aBATCH-UPD _b10 _c20130110 _lUCH01 _h2056 |
||
| 590 |
_aCONVERSION _b10 _c20130109 _lUCH01 _h1313 |
||
| 590 |
_aE11695DGD _b10 _c20150515 _lUCH01 _h1148 |
||
| 590 |
_aE5995AHE _b05 _c20150429 _lUCH01 _h1241 |
||
| 650 | 1 | 4 |
_aBibliotecas especializadas. _912550 |
| 650 | 1 | 4 | _aBibliotecas universitarias. |
| 830 | 0 |
_aArchivo de ABIESI _v; 1 _96798 |
|
| 901 | _aBK | ||
| 942 | _cFOLL | ||
| 942 | _n0 | ||
| 999 |
_c21716 _d21716 |
||